000
00308nam a2200133Ia 4500
005
20260328104247.0
008
260328s9999||||xx |||||||||||||| ||und||
100
_a
Dalí, Salvador
245
0
_a
Carta Abierta /
_c
Salvador Dalí
260
_b
Emecé
300
_a
136 p.
650
_a
HISTORIA
942
_c
BK
999
_c
10132
_d
10132